| 000 | 00519nam a2200181Ia 4500 | ||
|---|---|---|---|
| 999 |
_c28520 _d28520 |
||
| 003 | OSt | ||
| 005 | 20201218124917.0 | ||
| 008 | 190216s9999||||xx |||||||||||||| ||und|| | ||
| 020 | _a9788126410576 | ||
| 040 | _coclc | ||
| 082 |
_a894.8121 _bTHA/H |
||
| 100 |
_aThampi, Sreekumaran _97072 |
||
| 245 | 0 |
_aThiranjedutha 1001 Ganangal / _cSreekumaran Thampi |
|
| 260 |
_bDc Books, _aKottayam: _c2006. |
||
| 300 | _a623p | ||
| 650 | _aKavitha | ||
| 942 |
_cBK _2ddc _h894.8121 _iTHA/H _k894.8121 _mTHA/H |
||